000 00413 a2200169 4500
001 71369
020 _a
040 _cAnchieta - Colégio São Paulo
100 _aLemos, Gláucia
240 1 0 _aO menino que acendeu as estrelas
_lpor
245 1 0 _aO menino que acendeu as estrelas
300 _a[28p.]
362 0 _a1991
440 1 _aEditora do Brasil
650 4 _aLiteratura infanto-juvenil
942 _cBK
999 _c71369
_d71369